000 00425nam a2200169Ia 4500
008 100204s9999 xx 000 0 und d
082 _b28297
100 _aसरकार जदुथ
245 _aऔरंगजेब
250 _a0
260 _c2006
300 _a511
630 _aऔरंगजेब
700 _aकोलारकर शरद
730 _aऔरंगजेब
942 _cBOOK
999 _c473462
_d473459